UM Logo

Self-control development in adolescence predicts love and work in adulthood / (Record no. 20957)

MARC details
000 -LEADER
fixed length control field 00835nam a22001817a 4500
005 - DATE AND TIME OF LATEST TRANSACTION
control field 20250205192123.0
008 - FIXED-LENGTH DATA ELEMENTS--GENERAL INFORMATION
fixed length control field 240827b ||||| |||| 00| 0 eng d
082 ## - DEWEY DECIMAL CLASSIFICATION NUMBER
Classification number DPer 155.205 J826 July-September 2019 v. 117 n. 1-3
100 ## - MAIN ENTRY--PERSONAL NAME
Personal name Allemand, Mathias.
Relator term author.
9 (RLIN) 59158
245 ## - TITLE STATEMENT
Title Self-control development in adolescence predicts love and work in adulthood /
Statement of responsibility, etc. Mathias Allemand, Veronika Job, and Daniel K. Mroczek.
260 ## - PUBLICATION, DISTRIBUTION, ETC. (IMPRINT)
Place of publication, distribution, etc. Washington ;
Name of publisher, distributor, etc. American Psychological Association,
Date of publication, distribution, etc. September 2019.
300 ## - PHYSICAL DESCRIPTION
Extent volume 117, pages 621-634,
Other physical details illustration.
500 ## - GENERAL NOTE
General note Journal of Personality and Social Psychology vol. 117, no. 3, pages 621-634, September 2019.
700 ## - ADDED ENTRY--PERSONAL NAME
Personal name Allemand, Mathias.
Relator term author.
9 (RLIN) 59158
700 ## - ADDED ENTRY--PERSONAL NAME
Personal name Job, Veronika.
Relator term author.
9 (RLIN) 59159
700 ## - ADDED ENTRY--PERSONAL NAME
Personal name Mroczek, Daniel K.
Relator term author.
9 (RLIN) 59160
942 ## - ADDED ENTRY ELEMENTS (KOHA)
Source of classification or shelving scheme Dewey Decimal Classification
Koha item type Periodicals
Holdings
Withdrawn status Lost status Source of classification or shelving scheme Damaged status Not for loan Collection code Home library Current library Date acquired Total Checkouts Date last seen Price effective from Koha item type Public note
    Dewey Decimal Classification     Periodicals UM Digos College - LIC UM Digos College - LIC 08/27/2024   08/27/2024 08/27/2024 Periodicals Periodical Article